| 000 | 00531nam a22002057a 4500 | ||
|---|---|---|---|
| 003 | OSt | ||
| 005 | 20160513182919.0 | ||
| 008 | 160513b xxu||||| |||| 00| 0 eng d | ||
| 020 | _a0072933550 | ||
| 040 | _cDDC. | ||
| 082 | _a590MIL 2005 | ||
| 100 |
_aMiller,A.Stephen;Harley,P.John; _98796 |
||
| 245 | _aZoology. | ||
| 250 | _a6th ed | ||
| 260 |
_aBoston. _bMcGraw Hill. _c2005. |
||
| 300 |
_axix,556p; _bcol,ill: _c30cm. |
||
| 504 | _aGlossary,Credit and index are included. | ||
| 650 |
_aBiology. _95602 |
||
| 942 |
_2ddc _cSLOAN |
||
| 999 |
_c4035 _d4035 |
||